000 00498nam a22001457a 4500
082 _a621.3
100 _aKhurshid, Muhammad Hasnat
245 _aDamage Assessment using Temporal Multi Spectral Satellite Images /
_cMuhammad Hasnat Khurshid
260 _aIslamabad :
_bMCS - NUST,
_c2012.
300 _a65 p. ;
_c30cm.
650 _aElectrical Engineering-MS-Thesis
_916073
700 _aDr. Muhammad Faisal Khan
_935148
942 _2ddc
_cTHE
999 _c540878
_d540878